000 00515nam a2200145Ia 4500
008 100122s9999 xx 000 0 und d
082 _b31770
_a928
100 _aमाडगूळकर ग दि
245 _aवाटेवरल्या सावल्या
260 _bविश्वमोहिनी प्रकाशन
_c1981
300 _a165
630 _aवाटेवरल्या सावल्या
730 _aवाटेवरल्या सावल्या
942 _cBOOK
999 _c416281
_d416278